Constitución de la nación argentina /,
Guardado en:
| Autor Principal: | |
|---|---|
| Formato: | Libro |
| Publicado: |
Buenos Aires :
Sancor Cooperrativa de Seguros Limitados,
1983
|
| Materias: | |
| Etiquetas: |
Agregar Etiqueta
Sin Etiquetas, Sea el primero en etiquetar este registro!
|
| LEADER | 00572nam a22001695a 4500 | ||
|---|---|---|---|
| 001 | CEM.cems016546 | ||
| 005 | 20100309170822.0 | ||
| 008 | 130507s1983##################000#0#####d | ||
| 003 | CEMS | ||
| 082 | 0 | 4 | |a 342.82 |
| 100 | 1 | |a Argentina Constitución | |
| 245 | 1 | 0 | |a Constitución de la nación argentina /, |
| 260 | |a Buenos Aires : |b Sancor Cooperrativa de Seguros Limitados, |c 1983 | ||
| 300 | |a 39 p. | ||
| 653 | |a Argentina-constitución | ||
| 859 | |a CEMS |b BIB. CEMS - Agricultura |h 342.82 |i Ar37-1 |p A17289.93 |t Ej.1 | ||
| 859 | |a CEMS |b BIB. CEMS - Agricultura |h 342.82 |i Ar37-1 |p A17290.93 |t Ej.2 | ||
